| 000 | 00000nam 2200000zi 4500 |
| 001 | 9.945280 |
| 003 | CaOODSP |
| 005 | 20241121094721 |
| 006 | m o d f |
| 007 | cr mn||||||||| |
| 008 | 241118s1971 oncd ob f100 0 eng d |
| 040 | |aCaOODSP|beng|erda|cCaOODSP |
| 043 | |an-cn--- |
| 086 | 1 |aCo41-1/6BE-PDF|zCo41-1/6B |
| 111 | 2 |aSeminar on Access to Information |d(1970 : |cCarleton University) |
| 245 | 10|aReport of the Seminar on Access to Information : |bhow to know and be known / |cco-sponsored by the Department of Communications and the Department of Regional and Economic Expansion. |
| 246 | 34|aReport on the Seminar on Access to Information |
| 264 | 1|aOttawa : |bDepartment of Communications, |c1971. |
| 300 | |a1 online resource (52 pages, 4 unnumbered pages) : |billustrations, charts. |
| 336 | |atext|btxt|2rdacontent |
| 337 | |acomputer|bc|2rdamedia |
| 338 | |aonline resource|bcr|2rdacarrier |
| 490 | 1 |aTelecommission study ; |v6(b) |
| 500 | |aIssued also in French under title: Rapport du séminaire sur l'accès à l'information : comment connaître et être connu. |
| 500 | |aDigitized edition from print [produced by Innovation, Science and Economic Development Canada]. |
| 504 | |aIncludes bibliographical references. |
| 650 | 0|aFreedom of information|vCongresses. |
| 650 | 0|aInformation services|xEconomic aspects|zCanada|vCongresses. |
| 650 | 0|aKnowledge, Sociology of|vCongresses. |
| 650 | 0|aTelecommunication|zCanada|vCongresses. |
| 655 | 7|aConference papers and proceedings|2lcgft |
| 710 | 1 |aCanada. |bDepartment of Communications, |eissuing body. |
| 775 | 08|tRapport du séminaire sur l'accès à l'information : |w(CaOODSP)9.945281 |
| 830 | #0|aTelecommission study ;|v6(b).|w(CaOODSP)9.927947 |
| 856 | 40|qPDF|s1.88 MB|uhttps://publications.gc.ca/collections/collection_2024/isde-ised/co41-1/Co41-1-6B-eng.pdf |